| 000 | 00576nam a22002057a 4500 | ||
|---|---|---|---|
| 003 | CEu | ||
| 005 | 20140310182927.0 | ||
| 008 | 130130t xxu||||| |||| 00| 0 eng d | ||
| 020 | _a9789710445387 | ||
| 050 |
_aT 11 _b.M663 2010 |
||
| 082 |
_aFIL 808.066 .M659 2010 _b.M663 2010 |
||
| 245 |
_aTechnical writing in the modern world _cMinas, Rebecca M., Ferianiza, Marilyn B. |
||
| 260 |
_aManila _bMindshapers _cc2008 |
||
| 300 |
_a199 p. _c22.8 cm. |
||
| 521 | _acollege students | ||
| 526 | _c1210L-1700L | ||
| 541 | _j1 | ||
| 562 | _e1 | ||
| 942 |
_2lcc _cBK _kFIL |
||
| 999 |
_c17447 _d17447 |
||